00382cam a2200145ua 45000010005000000080039000050400009000440410008000530820008000612450085000692500018001542600032001723000010002046530022002149719160806n ii |||gr||||Z||||||eng cMAIN aeng a320 aRefresher course in political science : btheory / cby Experienced professor .  a13th rev. ed. aNew Delhi:bS chand,c1987. a295p. aPolitical science